[Event "AUTO-INT-2713"]
[Site "http://www.queenalice.com/game.php?id=1229692"]
[Date "2013.11.3"]
[Round "2"]
[White "Sixpack_is_impossible"]
[Black "backnine"]
[Result "1-0"]
[WhiteElo "1622"]
[BlackElo "1748"]

1. e4 e5 2. Nf3 d6 3. c3 Bg4 4. Be2 g6 5. O-O Bg7 6. Re1 Nf6 7. Qb3 b6 8. Ng5
O-O 9. Bc4 Qd7 10. f3 h6 11. Bxf7+ Kh8 12. Be6 Qe7 13. Nf7+ Kh7 14. fxg4 a5 15.
g5 hxg5 16. Nxg5+ Kh8 17. c4 Bh6 18. Qh3 Kg7 19. d3 Bxg5 20. Bxg5 Rh8 21. Bxf6+
Qxf6 22. Qg4 Nc6 23. Rf1 Qh4 24. Rf7+ 1-0

[Event "AUTO-OPEN-3053"]
[Site "http://www.queenalice.com/game.php?id=1232441"]
[Date "2013.11.14"]
[Round "2"]
[White "backnine"]
[Black "kilmison"]
[Result "0-1"]
[WhiteElo "1717"]
[BlackElo "2132"]

1. e4 e5 2. d3 Nc6 3. c3 Nf6 4. Bg5 Be7 5. Nf3 d6 6. g3 h6 7. Bxf6 Bxf6 8. Bg2
O-O 9. O-O Bg4 10. Qc2 Bxf3 11. Bxf3 Bg5 12. Qb3 Na5 13. Qc2 c5 14. Nd2 Nc6 15.
Bg2 Qb6 16. Nf3 Be7 17. a4 a5 18. Rfe1 Rfe8 19. Rab1 Qc7 20. Bh3 Bf6 21. Bg2
Rab8 22. h3 Qd7 23. Red1 Kh8 24. Kh2 Qd8 25. Nd2 Bg5 26. Nf3 Bf6 27. Nd2 Bg5 28.
Nc4 Qc7 29. h4 Bf6 30. Rf1 Be7 31. f4 exf4 32. Rxf4 Kg8 33. Rbf1 Rf8 34. Qb3 g5
35. hxg5 hxg5 36. R4f3 Kg7 0-1

[Event "AUTO-OPEN-3053"]
[Site "http://www.queenalice.com/game.php?id=1232442"]
[Date "2013.11.14"]
[Round "2"]
[White "kilmison"]
[Black "backnine"]
[Result "1-0"]
[WhiteElo "2108"]
[BlackElo "1719"]

1. e4 e5 2. Nf3 d6 3. Bc4 h6 4. Nc3 c6 5. d4 Qc7 6. h3 g6 7. Be3 Bg7 8. dxe5
dxe5 9. O-O Nf6 10. Qd2 O-O 11. Bxh6 Qe7 12. Bxg7 Kxg7 13. Qg5 Qc7 14. Nxe5 Qe7
15. f4 Nbd7 16. Ng4 Rh8 17. e5 Rh5 18. exf6+ Nxf6 19. Qxf6+ Qxf6 20. Nxf6 Kxf6
21. Rae1 Be6 22. Ne4+ Kg7 23. Bxe6 fxe6 24. Nd6 b5 25. Rxe6 Rc5 26. c3 a5 27. f5
gxf5 28. Nxf5+ Kf7 29. Nd4+ Kg7 30. Rxc6 Rxc6 31. Nxc6 Ra6 32. Nd4 b4 33. c4 a4
34. b3 axb3 35. axb3 Rd6 36. Rf4 1-0

[Event "AUTO-OPEN-3053"]
[Site "http://www.queenalice.com/game.php?id=1232443"]
[Date "2013.11.14"]
[Round "2"]
[White "backnine"]
[Black "MarTraM"]
[Result "0-1"]
[WhiteElo "1703"]
[BlackElo "2377"]

1. e4 e5 2. d3 Nf6 3. Bg5 Be7 4. g3 h6 5. Bxf6 Bxf6 6. Bg2 O-O 7. Nf3 d6 8. O-O
Bg4 9. c3 Nd7 10. Qc2 c6 11. Qb3 b6 12. h3 Be6 13. Qc2 d5 14. a4 a5 15. Nbd2 Qc8
16. Rab1 Nc5 17. Rfe1 Bxh3 18. Ra1 Re8 19. Nb3 Nxb3 20. Qxb3 Rb8 21. Qc2 Qg4 22.
Qd1 Bxg2 23. Kxg2 h5 24. Rh1 g6 25. Qd2 dxe4 26. dxe4 Qxe4 27. Rhe1 Qd5 28. Qxd5
cxd5 29. Rad1 Rbd8 30. Kf1 e4 31. Nd4 Bxd4 32. Rxd4 f5 33. f3 Kf7 34. Kf2 Kf6
35. Re2 g5 36. b4 axb4 37. cxb4 Ke5 38. Rdd2 d4 39. fxe4 fxe4 40. Rd1 e3+ 41.
Ke1 Ke4 42. Rh2 d3 43. Rb1 d2+ 44. Kd1 e2+ 45. Kxe2 Kf5+ 46. Kd1 Re1+ 47. Kc2
Rxb1 48. Kxb1 d1=Q+ 49. Kb2 Rd2+ 50. Rxd2 Qxd2+ 51. Kb3 Qd3+ 52. Kb2 Qxg3 0-1

[Event "AUTO-OPEN-3053"]
[Site "http://www.queenalice.com/game.php?id=1232444"]
[Date "2013.11.14"]
[Round "2"]
[White "MarTraM"]
[Black "backnine"]
[Result "1-0"]
[WhiteElo "2373"]
[BlackElo "1777"]

1. d4 d6 2. c4 c6 3. e4 e6 4. Nc3 Qc7 5. Nf3 e5 6. Be2 Bg4 7. h3 Bxf3 8. Bxf3 g6
9. O-O Bg7 10. d5 Nf6 11. Re1 O-O 12. b4 a6 13. a4 cxd5 14. Nxd5 Nxd5 15. cxd5
Nd7 16. Be3 a5 17. Rc1 Qb8 18. b5 b6 19. Qd2 Nc5 20. Qa2 Nd3 21. Qd2 Nxe1 22.
Qxe1 Qb7 23. Rc6 f6 24. Rxd6 h5 25. Rxb6 Qd7 26. Qc1 Rfc8 27. Rc6 Rxc6 28. Qxc6
Qxc6 29. dxc6 Rc8 30. b6 Bf8 31. b7 Re8 32. c7 1-0

[Event "AUTO-OPEN-3053"]
[Site "http://www.queenalice.com/game.php?id=1232445"]
[Date "2013.11.14"]
[Round "2"]
[White "backnine"]
[Black "heriksoares1"]
[Result "0-1"]
[WhiteElo "1569"]
[BlackElo "2002"]

1. e4 e6 2. d3 d5 3. Qe2 Be7 4. g3 b6 5. Nf3 Bb7 6. Bg2 Nf6 7. Bg5 dxe4 8. dxe4
Nxe4 9. O-O Nxg5 10. Nbd2 Nxf3+ 11. Nxf3 Nc6 12. c3 a5 13. a4 O-O 14. Rad1 Qc8
15. Ne5 Nxe5 16. Bxb7 Qxb7 17. Qxe5 Bd6 18. Qd4 Rad8 19. Qe3 Rd7 20. Rd4 Bc5 21.
Qe4 Qxe4 22. Rxe4 Rd2 23. b4 Be7 24. bxa5 bxa5 25. Rc1 Bc5 26. Rf1 Rfd8 27. Rc4
Bb6 28. Rc6 Ra2 29. Rc4 Rdd2 30. Rf4 g5 31. Rf3 Kg7 32. h3 Rxa4 33. Rc1 Raa2 0-1

[Event "AUTO-OPEN-3053"]
[Site "http://www.queenalice.com/game.php?id=1232446"]
[Date "2013.11.14"]
[Round "2"]
[White "heriksoares1"]
[Black "backnine"]
[Result "1-0"]
[WhiteElo "2004"]
[BlackElo "1567"]

1. e4 e5 2. Nf3 d6 3. d4 Qe7 4. dxe5 dxe5 5. Nc3 c6 6. Bc4 h6 7. h3 g6 8. Be3
Bg7 9. Qd2 Nf6 10. O-O-O O-O 11. Bxh6 Be6 12. Bxe6 Qxe6 13. Bxg7 Kxg7 14. Qg5
Nbd7 15. h4 Rh8 16. Rh2 Nc5 17. h5 Nxh5 18. Rdh1 f6 19. Qe3 b6 20. Nd2 a5 21.
Ne2 Rh7 22. f3 Rah8 23. g4 Nf4 24. Rxh7+ Rxh7 25. Rxh7+ Kxh7 26. Nxf4 exf4 27.
Qxf4 g5 28. Qc7+ Kg6 29. Qxb6 Qd6 30. b3 Ne6 31. Qxa5 Qf4 32. Qf5+ Kf7 33. Qxf4
Nxf4 34. a4 Ke7 35. Kb2 Kd6 36. Kc3 Ke5 37. a5 1-0

[Event "Challenge nº 08"]
[Site "http://www.queenalice.com/game.php?id=1235317"]
[Date "2013.11.25"]
[Round "-"]
[White "backnine"]
[Black "Lintz"]
[Result "0-1"]
[WhiteElo "1631"]
[BlackElo "1871"]

1. e4 e5 2. d3 d6 3. g3 g5 4. Nf3 h6 5. Bg2 Nc6 6. c3 Bg7 7. O-O Nf6 8. b3 Bg4
9. Qc2 O-O 10. a4 b6 11. Ba3 Rb8 12. Re1 Re8 13. d4 a5 14. Nbd2 exd4 15. Nxd4
Nxd4 16. cxd4 Nh7 17. Bb2 Nf6 18. h3 Bh5 19. Rac1 c5 0-1

[Event "AUTO-ADV-3035"]
[Site "http://www.queenalice.com/game.php?id=1242460"]
[Date "2013.12.24"]
[Round "1"]
[White "Bruscato"]
[Black "backnine"]
[Result "1-0"]
[WhiteElo "2037"]
[BlackElo "1722"]

1. e4 e5 2. Nf3 d6 3. Bc4 h6 4. O-O g6 5. d4 Qe7 6. dxe5 dxe5 7. Nc3 c6 8. Be3
Bg7 9. Qd2 Nf6 10. Rad1 O-O 11. Bxh6 Qc7 12. Bxg7 Kxg7 13. Qg5 b5 14. Bxb5 cxb5
15. Nxb5 Qa5 16. Nd6 Bg4 17. Nxe5 Bh5 18. Nf5+ Kh7 19. Qh6+ Kg8 20. Qg7# 1-0

[Event "AUTO-ADV-3035"]
[Site "http://www.queenalice.com/game.php?id=1242461"]
[Date "2013.12.24"]
[Round "1"]
[White "backnine"]
[Black "Bruscato"]
[Result "0-1"]
[WhiteElo "1674"]
[BlackElo "2039"]

1. e4 e6 2. d3 c5 3. g3 d5 4. Qe2 dxe4 5. dxe4 Nc6 6. c3 Nf6 7. Bg2 Be7 8. Bg5
O-O 9. Nf3 h6 10. Bxf6 Bxf6 11. O-O e5 12. Nbd2 Qc7 13. Nc4 Re8 14. a4 Bg4 15.
Qc2 Rad8 16. Rad1 Rxd1 17. Rxd1 a6 18. h3 Be6 19. Ne3 b5 20. axb5 axb5 21. Ng4
Bxg4 22. hxg4 Rd8 23. Nh4 b4 24. Rxd8+ Qxd8 0-1

[Event "AUTO-ADV-3035"]
[Site "http://www.queenalice.com/game.php?id=1242474"]
[Date "2013.12.24"]
[Round "1"]
[White "maurice91"]
[Black "backnine"]
[Result "1-0"]
[WhiteElo "1922"]
[BlackElo "1707"]

1. d4 d6 2. e4 e6 3. f4 g6 4. Nf3 Qe7 5. c4 c6 6. Nc3 Bg7 7. e5 dxe5 8. fxe5 Nh6
9. Bf4 O-O 10. Qd2 Nf5 11. g4 Nh4 12. Qf2 Nxf3+ 13. Qxf3 Qh4+ 14. Bg3 Qe7 15. h4
Nd7 16. h5 Bh6 17. hxg6 fxg6 18. Qe4 Bg7 19. O-O-O a5 20. Bd3 a4 21. Ne2 b6 22.
Rxh7 Qg5+ 23. Bf4 Rxf4 24. Qxg6 Rxg4+ 25. Kc2 Qxg6 26. Bxg6 Rxg6 27. Rh2 Ba6 28.
b3 axb3+ 29. axb3 b5 30. c5 b4 31. Nf4 Rg3 32. Nxe6 Bd3+ 33. Kb2 1-0

[Event "AUTO-ADV-3035"]
[Site "http://www.queenalice.com/game.php?id=1242475"]
[Date "2013.12.24"]
[Round "1"]
[White "backnine"]
[Black "maurice91"]
[Result "0-1"]
[WhiteElo "1715"]
[BlackElo "1914"]

1. e4 c6 2. d3 d5 3. Qe2 e6 4. g3 dxe4 5. dxe4 e5 6. Bg2 Be7 7. c3 Nf6 8. Bg5
Be6 9. Nf3 Nbd7 10. Nbd2 Qb6 11. b3 O-O 12. O-O Bd6 13. Bxf6 Nxf6 14. Ng5 Bg4
15. Bf3 Bxf3 16. Qxf3 h6 17. Nh3 Ba3 18. Nc4 Qa6 19. Nxe5 Rfe8 20. Qf4 Bb2 21.
Rab1 Bxc3 22. a4 Bxe5 23. Qc1 Nxe4 24. Qc2 Nc3 25. Rbe1 Qb6 26. Kg2 c5 27. Ng1
Rad8 28. Ne2 Qc6+ 29. f3 Nd5 30. Qc1 Bd4 31. Nxd4 cxd4 32. Rxe8+ Rxe8 0-1

[Event "AUTO-ADV-3035"]
[Site "http://www.queenalice.com/game.php?id=1242484"]
[Date "2013.12.24"]
[Round "1"]
[White "backnine"]
[Black "kakocarvalho"]
[Result "0-1"]
[WhiteElo "1686"]
[BlackElo "1765"]

1. e4 d6 2. d3 Nf6 3. g3 g6 4. Bg5 Bg7 5. Bg2 O-O 6. Nf3 Nc6 7. c3 Bg4 8. O-O
Ne5 9. Bxf6 Bxf6 10. Nbd2 Bg5 0-1

[Event "AUTO-ADV-3035"]
[Site "http://www.queenalice.com/game.php?id=1242485"]
[Date "2013.12.24"]
[Round "1"]
[White "kakocarvalho"]
[Black "backnine"]
[Result "1-0"]
[WhiteElo "1751"]
[BlackElo "1700"]

1. c4 e5 2. Nc3 c6 3. g3 g6 4. Bg2 Bg7 5. d3 Nf6 6. Nf3 O-O 7. O-O d6 8. b3 a5
9. Bb2 Qc7 10. Qc2 Be6 11. Ng5 1-0